000 00367nam a2200157Ia 4500
003 OSt
005 20240104113941.0
008 170524s9999 xx 000 0 und d
020 _a8174464794
040 _ciimt university meerut
100 _aRAO-A.B
100 _c2010
245 0 _aBUSINESS ETHICS & PROFESSIONAL VALUES
260 _aEXCEL BOOK
942 _2ddc
_c02
999 _c2419
_d2419